LEADER 01477nam a2200325 u 4500 001 000000092001 003 CaOOAMICUS 005 20080929115547.0 008 060331s2005 gw u000 u ger u 020 $a3896653288 035 $a11084163 040 $aPUL$bita 245 10$aPlato Ethicus :$bPhilosophy is Life /$cMaurizio Migliori, Linda M. Napolitano Valditara (Editors); Davide Del Forno (Co-editor) 260 $aSankt Augustin :$bAkademia Verlag,$c2004. 300 $a353 p. ;$c21 cm 490 1 $aLecturae Platonis ;$v4 500 $aInclude indice : p.[345]-353. 500 $aProceedings of the International Colloquium ,Piacenza (Italy),2003. 504 $aInclude Bibliografia : p. [329]-344. 600 04$aPlato,$d427-347 a.C.$vCongressi.$0(OLS)http://pul/subject/34786 700 1 $aMigliori, Maurizio.$0(OLS)http://pul/name/5029 700 1 $aDel Forno, Davide.$0(OLS)http://pul/name/59293 700 1 $aNapolitano Valditara, Linda M.,$d1951-$0(OLS)http://pul/name/59292 830 0$aLecturae Platonis ;$v4.$0(OLS)http://pul/title/102998 850 $aPUL 852 $aPUL$W1$xSL Filosofia 3$y81$m180 MIGMA 1$j115782$nBK-PRI$b $qDDC 21$B115782$CPULBib$Z2$F115782 $HPUL100257 $81 941 1 $a9 996 $6020$a3896653288$9(OLS)http://pul/number/120672 996 $6245$aPlato Ethicus :$bPhilosophy is Life$9(OLS)http://pul/title/118767 996 $6260$aSankt Augustin :$bAkademia Verlag$9(OLS)http://pul/publisher/79010 LEADER 01237nam a2200301 u 4500 001 000000056540 003 CaOOAMICUS 005 20070226120503.0 008 960206s1994 it u000 u ita u 020 $a8815023399 035 $a10885313 040 $aPica$bdut$dPUL(R) 041 1 $aita$hfre 100 1 $aPacaut, Marcel,$d1920-2002.$0(OLS)http://pul/name/835 240 10$aOrdres monastiques et religieux au Moyen Age.$lItaliano.$0(OLS)http://pul/title/75618 245 10$aMonaci e religiosi nel medioevo /$cMarcel Pacaut. 260 $aBologna :$bIl Mulino,$c1994. 300 $a346 p ;$c22 cm 490 1 $aLe vie della civiltà 504 $aMet lit.opg. en index. 650 4$aMonachismo e ordini religiosi.$0(OLS)http://pul/subject/757 830 3$aLe vie della civiltà (Il Mulino).$0(OLS)http://pul/title/151500 850 $aPUL 852 $aPUL$W1$xDP1 Altre Collocazioni$y17$mSenza collocazione$j12$nBK-PRI$b $qStampati$B74151$CPULBib$Z2$F74151 $H $81 941 1 $a8 996 $6020$a8815023399$9(OLS)http://pul/number/71318 996 $6245$aMonaci e religiosi nel medioevo$9(OLS)http://pul/title/75619 996 $6260$aBologna :$bIl Mulino$9(OLS)http://pul/publisher/47928